000 01407 a2200145 4500
003 Nust
005 20170207154036.0
040 _cNust
100 _aSafeeullah Soomro
245 _aEngineering the Computer Science and IT (E-Book)
_cSafeeullah Soomro
260 _aIndia
_bIn-Teh
_c© 2009
300 _aviii,506 p;
505 _aExtensions of Deductive Concept in Logic Programming and Some Applications (Page-1) Regular Language Induction with Grammar-based Classifier System (Page-13) Fault Localization Models Using Dependences (Page-23) Assisted form filling (Page-41) Transatlantic Engineering Programs: An Experience in International Cooperation (Page-65) Methodology To Develop Alternative Makespan Algorithm For Re-entrant Flow Shop Using Bottleneck Approach (Page-85) Flexible Design by Contract (Page-103) Application of semantic networks in natural language issues (Page-127) SOA and supporting software processes integrated with self-organizing business networks (Page-213) Algebraic Algorithms for Image Tomographic Reconstruction from Incomplete Projection Data (Page-231) Templates for Communicating Information about Software Requirements and Software Problems (Page-261) Ontological description of gene groups by the multi-attribute statistically significant logical rules (Page-277) Performance evaluation of protocols of multiagent information retrieval systems (Page-445)
651 _a(E-Book)
942 _2ddc
_cBK
999 _c192392
_d192392